Statistics for Top 50 fantasy basketball players this season

Click here to take the quiz!

General Stats

  • This quiz has been taken 72 times
  • The average score is 28 of 50

Answer Stats

FP/GAnswer% Correct
66.38Stephen Curry
98%
72.26LeBron James
97%
67.85Kevin Durant
92%
79.14James Harden
88%
76.53Anthony Davis
83%
62.17Joel Embiid
83%
59.64Nikola Jokic
82%
69.65Russell Westbrook
82%
62.81Damian Lillard
78%
54.2Kyrie Irving
78%
59.94Chris Paul
77%
71.74Giannis Antetokounmpo
77%
59.04Jimmy Butler
71%
51.69Devin Booker
68%
47Kawhi Leonard
68%
58Paul George
68%
63.78Karl-Anthony Towns
66%
51.56DeMar Derozan
65%
52.41Ben Simmons
63%
53.07Kyle Lowry
62%
75.42DeMarcus Cousins
60%
55.13Blake Griffin
58%
55.14John Wall
55%
53.13Bradley Beal
54%
52.06Kevin Love
54%
58.74Victor Oladipo
52%
55.09Kemba Walker
51%
49.02Lonzo Ball
51%
53.8Marc Gasol
51%
45.32Donovan Mitchell
49%
51.89Rudy Gobert
49%
52.75LaMarcus Aldridge
48%
58.29Kristaps Porzingis
46%
45.05Al Horford
45%
46.93CJ McCollum
45%
51.12DeAndre Jordan
45%
49.41Lou Williams
45%
48.58Khris Middleton
43%
46.32Tobias Harris
42%
51.15Dwight Howard
40%
49.89Jrue Holiday
40%
48.17Clint Capela
38%
51.4Nikola Vucevic
32%
51.56Aaron Gordon
31%
46.83Eric Bledsoe
31%
49.01Hassan Whiteside
26%
46.3Otto Porter Jr
26%
45.61Nikola Mirotic
9%
50.37Tyreke Evans
8%
63.7Andre Drummond
2%

Score Distribution

Percentile by Number Answered

Percent of People with Each Score

Your Score History

You have not taken this quiz